Vista normal Vista MARC
  • Flynn, Ida

Entrada Personal Name

Número de registros utilizados en: 2

001 - CONTROL NUMBER

  • control field: 6495

003 - CONTROL NUMBER IDENTIFIER

  • control field: OSt

005 - DATE AND TIME OF LATEST TRANSACTION

  • control field: 20160304133412.0

008 - FIXED-LENGTH DATA ELEMENTS

  • fixed length control field: 160304|| aca||aabn | a|a d

040 ## - CATALOGING SOURCE

  • Original cataloging agency: OSt
  • Transcribing agency: OSt

100 ## - HEADING--PERSONAL NAME

  • Personal name: Flynn, Ida

670 ## - SOURCE DATA FOUND

  • Source citation: Work cat.: (OSt)446: Mclver Mchoes, Ann 6494, Sistemas operativos